00927 2200313 4500001002100000005001500021035002000036007000300056040001600059100003400075245008400109300004100193020001800234041000800252082000800260084001400268090002000282264004300302336002100345337003000366338002300396650001600419700004500435700004600480850001000526008004100536990001900577990001700596INLIS00000000000765220260601091452 a0010-0922000141ta aSBUPADbind0 aTaurino PoncomulyoePengarang1 aBudi Daya da Pengolahan Rumput Laut /cTaurino Poncomulyo; Penyunting, Tetty Y aviii, 68 hlm :billus, ;c15 x 23 cm a979-006-005-X07aind a630 a630 TAU b a635 NEN p L19-6 a.--Jakarta :bAgromedia Pustaka,c2006 2rdacontentateks 2rdamediaatanpa perantara 2rdacarrieravolume 4eRumput Laut0 aPengarang ke-2, Herti MaryaniePengarang0 aPengarang ke-3, Lusi KristianiePengarang aPUPAD260601 0  a497/S/KAPD.PDG a496/KAPD.PDG